Statystyki dla Quiz o stanie Oklahoma

Kliknij tutaj aby rozwiązać quiz!

Ogólne statystyki

  • Ten quiz został rozwiązany 6 razy
  • Średni wynik to 2 z 19

Statystyki odpowiedzi

HintOdpowiedź% Poprawnych
Niebezpieczna „aleja”, w której znajduje się OklahomaAleja {tornad}
67%
Stolica i największe miastoOklahoma City
67%
Second largest cityDrugie największe miastoTulsa
50%
Prawie 1% Oklahomczyków tam przebywa.
Jest to najwyższy wskaźnik w jakimkolwiek stanie
Więzienie
33%
Pseudonim stanu
(po angielsku)
The {Sooner} State
17%
Największe dzikie zwierzęBizon amerykańśki
0%
Wymień jedno z pięciu największych plemion indiańskich w OklahomieCherokee | Choctaw | Creek |
Chickasaw | Seminole
0%
Ogromna susza, która nawiedziła Oklahomę w latach 30. XX wieku{Dust} Bowl
0%
Piosenkarka country, która ma przyjaciół w nizinnych miejscachGarth Brooks
0%
Powieść Steinbecka o rodzinie JoadówGrona gniewu
0%
Z jakiej części zwierzęcia pochodzą frytki cielęce?Jądra
0%

Oklahoma had this kind of "rush" in 1889
Land Rush
0%
Pasmo górskie na północnym wschodzieOzark
0%

What type of "handle" does Oklahoma have?
Panhandle
0%
Religijny „pas”, którego częścią jest OklahomaPas {biblijny}
0%
Oklahoma ma oficjalny posiłek państwowy, który obejmuje smażoną okrę, kaszę i
grillowaną wieprzowinę.
Jaki rodzaj ciasta zawiera posiłek?
{Pecan} Pie
0%
Rzeka graniczna z TeksasemRed River of the South
0%
Czasem na tę kopalinę mówi się "czarne złoto"Ropa naftowa
0%
„Szlak”, który sprowadził rdzennych Amerykanów
do Oklahomy w latach trzydziestych XIX wieku
Szlak łez
0%

Rozkład punktacji

Percentyl według liczby udzielonych odpowiedzi

Procent ludzi z każdym wynikiem

Twoja historia wyników

Nie rozwiązałeś tego quizu